Vista normal
Vista MARC
- Simposio de Logopedia
Entrada Nombre congreso
Número de registros utilizados en: 1
001 - NÚMERO DE CONTROL
- campo de control: 1549
003 - IDENTIFICADOR DEL NÚMERO DE CONTROL
- campo de control: ES-MaFIAP
005 - FECHA Y HORA DE LA ÚLTIMA TRANSACCIÓN
- campo de control: 20231114111916.0
008 - DATOS DE LONGITUD FIJA
- campo de control de longitud fija: 231114|| aca||aabn | a|a d
040 ## - FUENTE DE LA CATALOGACIÓN
- Centro catalogador/agencia de origen: ES-MaFIAP
- Centro/agencia transcriptor: ES-MaFIAP
111 ## - ENCABEZAMIENTO--NOMBRE DE CONGRESO/REUNIÓN
- Nombre de congreso/reunión o jurisdicción como elemento de entrada: Simposio de Logopedia
- Número del congreso/reunión o número de parte o sección: 1º
- Fecha del congreso o de la firma del tratado: 1981
- Sede del congreso/Lugar de la reunión: Madrid
670 ## - FUENTE DE DATOS ENCONTRADOS
- Cita de la fuente: Work cat.: (ES-MaFIAP)576: Simposio de Logopedia 1º 1981 Madrid, Los trastornos de comunicación en el niño, D.L. 1982





